[Event "AUT-ch Seniors 65"]
[Site "Deutschlandsberg"]
[Date "2018.04.26"]
[Round "5"]
[White "Goeslbauer, Harald"]
[Black "Zehentner, Karl Heinz"]
[Result "1-0"]
[WhiteElo "1821"]
[BlackElo "1640"]
[PlyCount "135"]
[EventDate "2018.04.22"]
[EventType "swiss"]
[EventRounds "7"]
[EventCountry "AUT"]
[SourceTitle "CBM 184 Extra"]
[Source "ChessBase"]
[SourceDate "2018.06.28"]
[SourceVersion "1"]
[SourceVersionDate "2018.06.28"]
[SourceQuality "1"]

1. c4 c5 2. g3 Nc6 3. Bg2 g6 4. Nc3 Bg7 5. e3 e6 6. Nge2 Nge7 7. 0-0 0-0 8. d4 cxd4 9. exd4 d5 10. c5 Nf5 11. Be3 b6 12. Qa4 Bd7 13. Qd1 Bc8 14. cxb6 axb6 15. a3 Na5 16. b3 Ba6 17. Re1 Qd7 18. Na4 Rab8 19. Rc1 Nxe3 20. fxe3 Bh6 21. Nf4 Bb5 22. Nb2 Qd6 23. b4 Nc4 24. Nxc4 Bxc4 25. Qd2 b5 26. Rc3 Rfd8 27. Nd3 Bxd3 28. Qxd3 Qa6 29. Rec1 Rdc8 30. Rc5 Qb7 31. Kf2 Bf8 32. Rxb5 Qa6 33. Rxc8 Rxc8 34. Bf1 Qa4 35. Ra5 Qc6 36. Qd2 Qc7 37. Bd3 f5 38. Ke2 h5 39. Ra6 Kf7 40. b5 h4 41. Kf3 Qe7 42. b6 Qg5 43. Ra7+ Kf6 44. b7 Qg4+ 45. Kg2 Rb8 46. a4 Bd6 47. Qf2 h3+ 48. Kg1 Qd1+ 49. Qf1 Qd2 50. Qe2 Qc1+ 51. Qf1 Qxe3+ 52. Kh1 Rh8 53. Ra8 Bb8 54. a5 Qxd4 55. a6 Kf7 56. a7 Bxa7 57. Rxh8 Qxh8 58. Qb1 Bb8 59. Bf1 g5 60. Qb5 g4 61. Qd7+ Kf6 62. Qc8 Qh6 63. Qxb8 Qe3 64. Qf4 Qe4+ 65. Qxe4 fxe4 66. b8Q e5 67. Qd8+ Ke6 68. Be2 1-0

[Event "Weiz op 16th"]
[Site "Weiz"]
[Date "2017.06.18"]
[Round "5.3"]
[White "Goeslbauer, Harald"]
[Black "Raith, Andreas"]
[Result "1/2-1/2"]
[WhiteElo "1816"]
[BlackElo "1737"]
[PlyCount "48"]
[EventDate "2017.06.15"]
[EventType "swiss"]
[EventRounds "5"]
[EventCountry "AUT"]
[SourceTitle "EXT 2024"]
[Source "ChessBase"]
[SourceDate "2023.10.10"]
[SourceVersion "1"]
[SourceVersionDate "2023.10.10"]
[SourceQuality "1"]

1. e4 e5 2. Nf3 Nc6 3. Bc4 Bc5 4. c3 Nf6 5. d4 exd4 6. cxd4 Bb4+ 7. Bd2 Bxd2+ 8. Nbxd2 d5 9. exd5 Nxd5 10. Qb3 Nce7 11. 0-0 0-0 12. Rfe1 Nb6 13. Rac1 Ned5 14. Re5 c6 15. Bxd5 Nxd5 16. Rce1 Qc7 17. Qc2 Qb6 18. Re8 Be6 19. Rxf8+ Rxf8 20. Ng5 Nf6 21. Nxe6 fxe6 22. Nb3 Re8 23. Qc4 Nd5 24. g3 Kf7 1/2-1/2

[Event "Weiz op 16th"]
[Site "Weiz"]
[Date "2017.06.17"]
[Round "4.2"]
[White "Goeslbauer, Harald"]
[Black "Reisner, Hans"]
[Result "1/2-1/2"]
[WhiteElo "1816"]
[BlackElo "1700"]
[PlyCount "48"]
[EventDate "2017.06.15"]
[EventType "swiss"]
[EventRounds "5"]
[EventCountry "AUT"]
[SourceTitle "EXT 2024"]
[Source "ChessBase"]
[SourceDate "2023.10.10"]
[SourceVersion "1"]
[SourceVersionDate "2023.10.10"]
[SourceQuality "1"]

1. c4 c5 2. g3 g6 3. Bg2 Bg7 4. Nc3 Nc6 5. e3 e6 6. Nge2 Nf6 7. 0-0 d5 8. b3 0-0 9. d4 cxd4 10. exd4 Re8 11. Bf4 h6 12. Qd2 Kh7 13. c5 b6 14. Bd6 bxc5 15. Bxc5 a5 16. Rfe1 Ba6 17. a3 Bxe2 18. Rxe2 Rb8 19. Rb1 Nd7 20. Na4 Qf6 21. Bd6 Nxd4 22. Bxb8 Nxe2+ 23. Qxe2 Rxb8 24. Qc2 Qd8 1/2-1/2

[Event "Feffernitz op 25th"]
[Site "Feffernitz"]
[Date "2016.08.21"]
[Round "1"]
[White "Goeslbauer, Harald"]
[Black "Okhotnik, Vladimir"]
[Result "0-1"]
[WhiteElo "1808"]
[BlackElo "2437"]
[PlyCount "90"]
[EventDate "2016.08.21"]
[EventType "swiss"]
[EventRounds "9"]
[EventCountry "AUT"]
[SourceTitle "CBM 174 Extra"]
[Source "ChessBase"]
[SourceDate "2016.10.10"]
[SourceVersion "1"]
[SourceVersionDate "2016.10.10"]
[SourceQuality "1"]

1. c4 Nf6 2. g3 d5 3. cxd5 Nxd5 4. Bg2 Nb6 5. Nc3 g6 6. Nf3 Bg7 7. 0-0 Nc6 8. d3 0-0 9. Bd2 h6 10. a3 e5 11. Rc1 Nd4 12. b4 Be6 13. Nxd4 exd4 14. Ne4 Bd5 15. Bf4 c6 16. Qd2 g5 17. Bd6 Bxe4 18. Bxf8 Bxg2 19. Kxg2 Kxf8 20. Qc2 Qd5+ 21. Kg1 Re8 22. Rfe1 Re5 23. Qc5+ Qxc5 24. Rxc5 Rxc5 25. bxc5 Na4 26. Rc1 Nc3 27. Kf1 Ke8 28. Rc2 Kd7 29. e3 Kc7 30. h3 h5 31. Ke1 h4 32. g4 Bf6 33. Kf1 b5 34. cxb6+ Kxb6 35. Rb2+ Kc7 36. Rb4 c5 37. Rb2 Be5 38. Ke1 Kc6 39. Kf1 Nd5 40. exd4 Bxd4 41. Rb8 Nb6 42. Rf8 Bb2 43. Rxf7 Bxa3 44. Rf6+ Kb5 45. Rg6 Bb2 0-1

[Event "Lienz op 17th"]
[Site "Lienz"]
[Date "2013.02.13"]
[Round "6"]
[White "Goeslbauer, Harald"]
[Black "Meszar, Thomas"]
[Result "1/2-1/2"]
[WhiteElo "1993"]
[BlackElo "1812"]
[PlyCount "74"]
[EventDate "2013.02.09"]
[EventType "swiss"]
[EventRounds "9"]
[EventCountry "AUT"]
[SourceTitle "CBM 152 Extra"]
[Source "ChessBase"]
[SourceDate "2013.02.25"]
[SourceVersion "1"]
[SourceVersionDate "2013.02.25"]
[SourceQuality "1"]

1. d4 d5 2. Nf3 g6 3. g3 Bg7 4. Bg2 Nf6 5. 0-0 0-0 6. Nbd2 Nbd7 7. c4 c6 8. e3 Re8 9. cxd5 cxd5 10. b3 e5 11. dxe5 Nxe5 12. Nxe5 Rxe5 13. Bb2 Re8 14. Nf3 Be6 15. Rc1 Rc8 16. Qd4 b6 17. h3 Re7 18. Rxc8 Qxc8 19. g4 h6 20. Rc1 Rc7 21. Rxc7 Qxc7 22. Qc3 Qxc3 23. Bxc3 Ne4 24. Bxg7 Kxg7 25. Nd4 a6 26. a4 Kf8 27. Bf1 Nc5 28. Be2 Ke8 29. Bd1 a5 30. Bc2 Kd7 31. Kg2 g5 32. f4 f6 33. Kf3 Kd6 34. Kg3 Bd7 35. h4 Ke7 36. hxg5 hxg5 37. Kf3 Kf7 1/2-1/2

[Event "GER T121-C08-P email"]
[Site "GER email"]
[Date "2012.??.??"]
[Round "?"]
[White "Goeslbauer, Harald"]
[Black "Haas, Bernhard"]
[Result "0-1"]
[WhiteElo "2039"]
[BlackElo "1944"]
[PlyCount "74"]
[EventDate "2011.??.??"]
[EventType "tourn (corr)"]
[EventRounds "6"]
[EventCountry "GER"]
[SourceTitle "Corr 2015"]
[Source "ChessBase"]
[SourceDate "2015.07.17"]
[SourceVersion "1"]
[SourceVersionDate "2015.07.17"]
[SourceQuality "1"]

1. e4 e6 2. d4 d5 3. Nd2 c5 4. Ngf3 Nf6 5. exd5 exd5 6. Bb5+ Bd7 7. Qe2+ Be7 8. 0-0 0-0 9. dxc5 Bxc5 10. Nb3 Bb6 11. Bxd7 Nbxd7 12. Qd3 Qc7 13. a4 a6 14. a5 Ba7 15. g3 Ne5 16. Nxe5 Qxe5 17. Bf4 Qh5 18. Kg2 Rac8 19. h3 Ne4 20. f3 Ng5 21. Bxg5 Qxg5 22. Rae1 Rfe8 23. f4 Qf6 24. c3 Qc6 25. Kh2 b5 26. Nd2 h6 27. h4 Bb8 28. Nf3 Re4 29. Nd2 Ra4 30. Re2 b4 31. Rc1 Bd6 32. c4 Rxa5 33. Qf5 Re8 34. Rce1 Rxe2+ 35. Rxe2 Rc5 36. cxd5 Rxd5 37. Qe4 Rc5 0-1

[Event "Graz op-B"]
[Site "Graz"]
[Date "2004.09.09"]
[Round "6"]
[White "Goeslbauer, Harald"]
[Black "Grosse, Manfred"]
[Result "1/2-1/2"]
[WhiteElo "1764"]
[BlackElo "1937"]
[PlyCount "85"]
[EventDate "2004.09.04"]
[EventType "swiss"]
[EventRounds "9"]
[EventCountry "AUT"]
[SourceTitle "EXT 2006"]
[Source "ChessBase"]
[SourceDate "2005.11.24"]
[SourceVersion "1"]
[SourceVersionDate "2005.11.24"]
[SourceQuality "1"]

1. Nf3 c5 2. c4 g6 3. g3 Nc6 4. Bg2 Bg7 5. 0-0 d6 6. e3 Qb6 7. Nc3 e6 8. a3 Nge7 9. Nb5 Na5 10. d3 a6 11. Nc3 Bd7 12. Qc2 Nb3 13. Rb1 0-0 14. Nd2 Nxc1 15. Rfxc1 Bc6 16. Nf3 Rfd8 17. b4 Qc7 18. e4 Be8 19. Qb3 b5 20. Nd2 Nc6 21. Ne2 Rab8 22. bxc5 dxc5 23. cxb5 Rxb5 24. Qc2 Rxb1 25. Rxb1 Nd4 26. Nxd4 Bxd4 27. Nf3 Bb5 28. Nxd4 Rxd4 29. Bf1 Qd6 30. Rc1 Bxd3 31. Qxc5 Qxc5 32. Rxc5 Bxe4 33. Rc1 a5 34. Bb5 Bd5 35. h4 h5 36. Kf1 Rd2 37. Ra1 Bf3 38. Ke1 Rb2 39. a4 Kg7 40. Rc1 Kf6 41. Rc7 Bd5 42. Ra7 e5 43. Rxa5 1/2-1/2

[Event "Jacques Lemans op 17th"]
[Site "St Veit"]
[Date "1998.07.11"]
[Round "1"]
[White "Ruck, Robert"]
[Black "Goeslbauer, Harald"]
[Result "1-0"]
[WhiteElo "2485"]
[BlackElo "2165"]
[PlyCount "39"]
[EventDate "1998.07.11"]
[EventType "swiss"]
[EventRounds "9"]
[EventCountry "AUT"]
[SourceTitle "CBM 065 Extra"]
[Source "ChessBase"]
[SourceDate "1998.09.09"]
[SourceVersion "1"]
[SourceVersionDate "1998.09.09"]
[SourceQuality "1"]

1. e4 c6 2. d4 d5 3. Nd2 dxe4 4. Nxe4 Nd7 5. Nf3 Ngf6 6. Nxf6+ Nxf6 7. g3 e6 8. Bg2 c5 9. 0-0 Be7 10. c4 0-0 11. Bf4 a5 12. dxc5 Bxc5 13. Qc2 Qe7 14. Rad1 b6 15. Be5 Bb7 16. Ng5 g6 17. Bxf6 Qxf6 18. Bxb7 Rad8 19. Ne4 Qf5 20. Qc3 1-0

[Event "Karl Wagner Memorial-B 5th"]
[Site "Graz"]
[Date "1998.??.??"]
[Round "4"]
[White "Bachler, Wilhelm"]
[Black "Goeslbauer, Harald"]
[Result "0-1"]
[WhiteElo "1930"]
[BlackElo "1880"]
[PlyCount "78"]
[EventDate "1998.09.??"]
[EventType "swiss"]
[EventRounds "6"]
[EventCountry "AUT"]
[SourceTitle "EXT 2003"]
[Source "ChessBase"]
[SourceDate "2002.11.25"]
[SourceVersion "1"]
[SourceVersionDate "2002.11.25"]
[SourceQuality "1"]

1. Nf3 d5 2. d4 Nf6 3. g3 c6 4. Bg2 Bf5 5. 0-0 Nbd7 6. Nbd2 e6 7. Re1 Be7 8. Ng5 h6 9. Nh3 0-0 10. e4 dxe4 11. Qe2 e3 12. Nb3 exf2+ 13. Nxf2 Nd5 14. c3 N7f6 15. Nd3 Rc8 16. Nf4 Bd6 17. Nh5 Nxh5 18. Qxh5 Nf6 19. Qe2 Re8 20. Qf1 Qc7 21. Qf3 Nd5 22. Bd2 Bg6 23. c4 Nf6 24. c5 Be7 25. Bf4 Qd7 26. Qf2 Nd5 27. Bd2 Bf6 28. Rac1 Re7 29. Bxd5 Qxd5 30. Bxh6 Rd7 31. Be3 Qh5 32. Bf4 Rd5 33. Bd6 Qg4 34. Rcd1 Rf5 35. Qg2 Rh5 36. Be5 Bg5 37. Kh1 Rd8 38. Bd6 Kh7 39. Rf1 Be4 0-1

[Event "Gleisdorf ch"]
[Site "Gleisdorf"]
[Date "1996.??.??"]
[Round "3"]
[White "Goeslbauer, Harald"]
[Black "Polz, Wolfgang"]
[Result "1/2-1/2"]
[WhiteElo "1765"]
[BlackElo "2005"]
[PlyCount "92"]
[EventDate "1996.??.??"]
[EventType "swiss"]
[EventRounds "7"]
[EventCountry "AUT"]
[SourceTitle "EXT 1999"]
[Source "ChessBase"]
[SourceDate "1998.11.16"]
[SourceVersion "1"]
[SourceVersionDate "1998.11.16"]
[SourceQuality "1"]

1. c4 g6 2. Nc3 Bg7 3. g3 Nf6 4. Bg2 d6 5. e4 0-0 6. Nge2 e5 7. 0-0 Nc6 8. h3 Be6 9. d3 Qd7 10. Kh2 h6 11. Be3 Kh7 12. f4 Bg4 13. Nd5 Nxd5 14. cxd5 Bxe2 15. Qxe2 Nd4 16. Qd2 f5 17. Rf2 Rf7 18. Raf1 Raf8 19. fxe5 dxe5 20. h4 f4 21. Bxd4 fxg3+ 22. Kxg3 exd4 23. Bh3 Be5+ 24. Kg2 Qe7 25. Rxf7+ Rxf7 26. Rxf7+ Qxf7 27. Qf2 Kg7 28. Be6 Qf6 29. Qxf6+ Kxf6 30. h5 gxh5 31. Bc8 b6 32. Kf3 Bh2 33. Bd7 Ke5 34. Be8 h4 35. Bh5 Bf4 36. Bg4 Bc1 37. b3 Bf4 38. Bf5 h5 39. Be6 a5 40. Bd7 Kd6 41. Bf5 Be5 42. Kg2 Kc5 43. a3 Bf4 44. Kh3 Bc1 45. a4 Bg5 46. Bd7 Bf6 1/2-1/2

[Event "Werfen op-B"]
[Site "Werfen"]
[Date "1995.??.??"]
[Round "5"]
[White "Cordasev, Stefan"]
[Black "Goeslbauer, Harald"]
[Result "1-0"]
[WhiteElo "1830"]
[BlackElo "1770"]
[PlyCount "107"]
[EventDate "1995.08.??"]
[EventType "swiss"]
[EventRounds "16"]
[EventCountry "AUT"]
[SourceTitle "EXT 2000"]
[Source "ChessBase"]
[SourceDate "1999.11.16"]
[SourceVersion "1"]
[SourceVersionDate "1999.11.16"]
[SourceQuality "1"]

1. e4 c6 2. d4 d5 3. Nc3 dxe4 4. Nxe4 Nd7 5. Bc4 Ngf6 6. Ng5 e6 7. Qe2 Nb6 8. Bb3 h6 9. N5f3 a5 10. c3 c5 11. dxc5 a4 12. Bc2 Nbd5 13. a3 Qc7 14. Ne5 Qxc5 15. Bd2 Bd6 16. Ngf3 0-0 17. 0-0 b6 18. c4 Ne7 19. Rfd1 Qc7 20. Rac1 Bb7 21. Bb1 Nc6 22. Nxc6 Bxc6 23. h3 Rfd8 24. Bc3 Bf4 25. Rxd8+ Rxd8 26. Rd1 Rxd1+ 27. Qxd1 Ne4 28. Bxe4 Bxe4 29. Qd4 f5 30. Nh4 e5 31. Qd1 Bc6 32. Nxf5 Qd7 33. Qxd7 Bxd7 34. Ne7+ Kf7 35. Nd5 b5 36. cxb5 Bxb5 37. g3 Bc4 38. Nb6 Bb3 39. gxf4 exf4 40. Nd7 g5 41. Nc5 Bd1 42. Kg2 Kg6 43. Kh2 h5 44. Nd3 Kf5 45. Nc5 f3 46. Kg1 Bc2 47. Kf1 h4 48. Ke1 g4 49. hxg4+ Kxg4 50. Kd2 Bb3 51. Nxb3 axb3 52. Be5 Kh3 53. a4 Kg2 54. Ke3 1-0

[Event "Werfen op-B"]
[Site "Werfen"]
[Date "1995.??.??"]
[Round "4"]
[White "Goeslbauer, Harald"]
[Black "Ljubic, Pero"]
[Result "1/2-1/2"]
[WhiteElo "1770"]
[BlackElo "1875"]
[PlyCount "66"]
[EventDate "1995.08.??"]
[EventType "swiss"]
[EventRounds "16"]
[EventCountry "AUT"]
[SourceTitle "EXT 2000"]
[Source "ChessBase"]
[SourceDate "1999.11.16"]
[SourceVersion "1"]
[SourceVersionDate "1999.11.16"]
[SourceQuality "1"]

1. c4 e5 2. Nc3 g6 3. g3 Bg7 4. Bg2 Nc6 5. e4 Nge7 6. Nge2 0-0 7. 0-0 d6 8. d3 Bd7 9. Be3 Nd4 10. Qd2 Nec6 11. Nd5 Nxe2+ 12. Qxe2 Ne7 13. f4 Nxd5 14. cxd5 c6 15. dxc6 Bxc6 16. Rac1 exf4 17. gxf4 Qa5 18. b3 Rfe8 19. f5 Qd8 20. Qd2 Bf6 21. fxg6 hxg6 22. Qf2 Kg7 23. Bxa7 Qe7 24. Bd4 Bxd4 25. Qxd4+ Qe5 26. Qf2 f6 27. Rc2 Rh8 28. Qg3 Qd4+ 29. Rff2 Rhf8 30. a4 Rad8 31. Rc4 Qb6 32. d4 d5 33. exd5 Bxd5 1/2-1/2

[Event "Casino op 3rd"]
[Site "Velden"]
[Date "1995.??.??"]
[Round "3"]
[White "Scholvin, Soeren"]
[Black "Goeslbauer, Harald"]
[Result "0-1"]
[WhiteElo "1552"]
[BlackElo "1640"]
[PlyCount "160"]
[EventDate "1995.06.30"]
[EventType "swiss"]
[EventRounds "9"]
[EventCountry "AUT"]
[SourceTitle "EXT 2022"]
[Source "ChessBase"]
[SourceDate "2021.10.06"]
[SourceVersion "1"]
[SourceVersionDate "2021.10.06"]
[SourceQuality "1"]

1. d4 d5 2. Nf3 Nf6 3. g3 e6 4. Bg2 c5 5. c3 Nc6 6. Bg5 b6 7. 0-0 Be7 8. Nbd2 0-0 9. Bxf6 Bxf6 10. e4 cxd4 11. e5 Nxe5 12. cxd4 Nc6 13. Nb3 Ba6 14. Re1 Rc8 15. Rc1 Qd6 16. a3 Bc4 17. Re3 Rc7 18. Qd2 Rfc8 19. Qe1 Bxb3 20. Rxb3 Nxd4 21. Rxc7 Rxc7 22. Nxd4 Bxd4 23. Qd2 Bf6 24. Rf3 Qc5 25. b4 Qc1+ 26. Qxc1 Rxc1+ 27. Bf1 Rc3 28. Rxc3 Bxc3 29. f4 Kf8 30. Kf2 Ke7 31. Ke3 Kd6 32. Kd3 d4 33. Bg2 f6 34. Be4 h6 35. Bg6 e5 36. fxe5+ fxe5 37. Be4 Bb2 38. a4 Bc3 39. b5 Kc5 40. Bf3 Kb4 41. Bd1 Be1 42. g4 Bh4 43. h3 Bg5 44. Bc2 Bf4 45. Bd1 g5 46. Bc2 Ka3 47. Bd1 Kb2 48. Bc2 Kc1 49. Bb3 Kb2 50. Bc2 Be3 51. Bd1 Kc1 52. Bb3 Kb2 53. Bd1 Bg1 54. Bf3 Ka3 55. Bd1 Kb4 56. Bc2 e4+ 57. Kxe4 Kc3 58. Bd1 d3 59. Kf3 Kd2 60. Bb3 Ke1 61. Kg2 Bc5 62. Kf3 d2 63. Ke4 d1Q 64. Bxd1 Kxd1 65. Kf5 Kd2 66. Kg6 Kc3 67. Kxh6 Be3 68. Kh5 Kb4 69. h4 gxh4 70. Kxh4 Kxa4 71. Kg3 Kxb5 72. Kf3 Bd4 73. g5 Kc4 74. Ke4 a5 75. Kf3 Kd3 76. Kf4 a4 77. g6 a3 78. Kf3 a2 79. g7 Bxg7 80. Kg4 a1Q 0-1